000 00821nam a2200265 a 4500
001 BRCA_8221
005 20190320210201.0
008 190514s1920----mx-a###f##---#001-0#spa-#
041 _aspa
044 _amx
050 4 _aNA753.M4
_b.I35 3 1920
245 1 0 _aIglesias y conventos de la Ciudad de México.
260 _aMéxico
_bUniversidad Nacional
_c1920
300 _alxvii p.
_bil., 97 láminas
_c16 cm.
440 0 _aMonografías mexicanas de arte
_v3
_920497
500 _aEjemplar igual a C122
500 _aVer también B53 (ed. 1934)
500 _aT5
546 _aTexto en: español, francés e inglés
650 1 4 _aIglesias
_zMéxico (Ciudad)
_98139
650 1 4 _aArquitectura
_zMéxico (Ciudad)
_98140
650 1 4 _aConventos y monasterios
_zMéxico (Ciudad)
_98141
902 _aGFM
942 _2lcc
_cB
999 _c7889
_d7889